[Event "Belgrade Serbia op"]
[Site "Belgrade"]
[Date "2023.07.17"]
[Round "2"]
[White "Dabhade, Arnav"]
[Black "Cansu, Batuhan"]
[Result "0-1"]
[WhiteElo "1726"]
[BlackElo "2043"]
[PlyCount "37"]
[EventDate "2023.07.16"]
[EventType "swiss"]
[EventRounds "9"]
[EventCountry "SRB"]
[SourceTitle "CBM 215 Extra"]
[Source "ChessBase"]
[SourceDate "2023.09.30"]
[SourceVersion "1"]
[SourceVersionDate "2023.09.30"]
[SourceQuality "1"]

1. e4 e5 2. Nf3 Nc6 3. Bc4 Nf6 4. d3 Bc5 5. Nc3 d6 6. Bg5 h6 7. Be3 Bb6 8. Qd2 Nd4 9. Bxd4 exd4 10. Nd5 Nxd5 11. Bxd5 0-0 12. 0-0 c6 13. Bb3 Qf6 14. c3 dxc3 15. bxc3 Bg4 16. Ne1 Rae8 17. Kh1 d5 18. Nc2 dxe4 19. dxe4 0-1

[Event "Veliko Gradiste Silver Lake op-A"]
[Site "Veliko Gradiste"]
[Date "2023.06.18"]
[Round "1"]
[White "Dabhade, Arnav"]
[Black "Morvekar, Kedar"]
[Result "0-1"]
[WhiteElo "1680"]
[BlackElo "2099"]
[PlyCount "43"]
[EventDate "2023.06.18"]
[EventType "swiss"]
[EventRounds "9"]
[EventCountry "SRB"]
[SourceTitle "CBM 215 Extra"]
[Source "ChessBase"]
[SourceDate "2023.09.30"]
[SourceVersion "1"]
[SourceVersionDate "2023.09.30"]
[SourceQuality "1"]

1. e4 c5 2. Nf3 d6 3. Bb5+ Bd7 4. Bxd7+ Nxd7 5. 0-0 Ngf6 6. Re1 e6 7. c3 Be7 8. d4 0-0 9. h3 Rc8 10. Nbd2 cxd4 11. cxd4 Qc7 12. Nb3 Qc2 13. Qe2 d5 14. e5 Ne4 15. Bf4 a5 16. Qb5 a4 17. Qxd7 axb3 18. Qxe7 Qxf2+ 19. Kh1 Rc2 20. Rg1 bxa2 21. Qh4 Qxh4 22. Nxh4 0-1

[Event "Mumbai Wealth U13 op 5th"]
[Site "Mumbai"]
[Date "2020.01.03"]
[Round "5"]
[White "Jagesia, Daksh"]
[Black "Dabhade, Arnav"]
[Result "1/2-1/2"]
[WhiteElo "1394"]
[BlackElo "1209"]
[PlyCount "124"]
[EventDate "2019.12.30"]
[EventType "swiss"]
[EventRounds "9"]
[EventCountry "IND"]
[SourceTitle "CBM 194 Extra"]
[Source "ChessBase"]
[SourceDate "2020.03.31"]
[SourceVersion "1"]
[SourceVersionDate "2020.03.31"]
[SourceQuality "1"]

1. c4 e5 2. Nc3 Nf6 3. e3 d6 4. d4 Nbd7 5. Qc2 g6 6. Nf3 Bg7 7. Bd3 0-0 8. Bd2 Re8 9. 0-0-0 Qe7 10. dxe5 dxe5 11. e4 c6 12. h3 a6 13. g4 b5 14. Rdg1 Nc5 15. Bg5 Nxd3+ 16. Qxd3 bxc4 17. Qxc4 Be6 18. Qe2 Qc5 19. Bxf6 Bxf6 20. Kb1 Rab8 21. Rc1 Bc4 22. Qc2 Qa7 23. Nd2 Be6 24. f3 Red8 25. Rcd1 a5 26. Ka1 Ra8 27. Ndb1 a4 28. Rxd8+ Bxd8 29. Rd1 Bb3 30. Qc1 Bxd1 31. Nxd1 Qb6 32. Na3 Be7 33. Nc4 Qc5 34. Kb1 Rd8 35. Nce3 Qxc1+ 36. Kxc1 Bg5 37. Kc2 h5 38. Nc4 Bf4 39. Nf2 hxg4 40. Nxg4 Kg7 41. Ngxe5 Bxe5 42. Nxe5 Rh8 43. h4 f6 44. Nd3 Rxh4 45. Kc3 g5 46. Kd4 f5 47. Nc5 g4 48. fxg4 fxg4 49. Ke3 Rh5 50. Nxa4 Rg5 51. Kf2 g3+ 52. Kg2 Kf6 53. Nc3 Ke5 54. a3 Kf4 55. b4 Ke3 56. e5 Kd4 57. Ne2+ Kxe5 58. a4 Kd5 59. b5 cxb5 60. axb5 Kc5 61. Nxg3 Rxg3+ 62. Kxg3 Kxb5 1/2-1/2

[Event "Mumbai Wealth op U13 4th"]
[Site "Mumbai"]
[Date "2019.01.06"]
[Round "8"]
[White "Dabhade, Arnav"]
[Black "Gosrani, Naiya"]
[Result "1/2-1/2"]
[WhiteElo "1064"]
[BlackElo "1235"]
[PlyCount "59"]
[EventDate "2018.12.30"]
[EventType "swiss"]
[EventRounds "9"]
[EventCountry "IND"]
[SourceTitle "CBM 188 Extra"]
[Source "ChessBase"]
[SourceDate "2019.02.28"]
[SourceVersion "1"]
[SourceVersionDate "2019.02.28"]
[SourceQuality "1"]

1. e4 e5 2. Nf3 Nc6 3. Bc4 Bc5 4. Nc3 Nf6 5. d3 d6 6. h3 a6 7. Bg5 Na5 8. Bb3 Nxb3 9. axb3 h6 10. Be3 Ba7 11. 0-0 Be6 12. Qd2 Qd7 13. Rfd1 0-0 14. d4 exd4 15. Bxd4 Bxd4 16. Nxd4 Rfe8 17. Nxe6 Qxe6 18. Re1 Rad8 19. Rad1 Qd7 20. Kh1 Qc6 21. Qd3 Rd7 22. Re2 Rde7 23. Rde1 Kf8 24. Kg1 Nh5 25. Qf3 Nf6 26. Qd3 Nh5 27. Qf3 Nf6 28. Qd3 Nh5 29. Qf3 Nf6 30. Qd3 1/2-1/2